Statistiques concernant Noël par lettre - L

Cliquez ici pour prendre le quiz!

Statistiques générales

  • Ce quiz a été pris 221 fois
  • Le résultat moyen est 6 sur 10

Statistiques - réponses

IndiceRéponse% Correct
Véhicule sur lequel on s'assoie pour
glisser sur la neige
Luge
99%
Ils aident le Père Noël dans la
préparation des cadeaux
Lutins
99%
Les enfants en laissent parfois un verre
près du sapin pour le Père Noël
Lait
97%
Région transnationale du Nord de l'Europe
dont serait originaire le Père Noël
Laponie
86%
Ville installant chaque année à Trafalgar Square
un sapin offert par la ville d'Oslo, depuis 1947
Londres
71%
Cadeau récurrent, il peut aussi aider à préparer
le repas du réveillon quand il est de recettes
Livre
68%
Chanson noëlesque du groupe Wham!Last Christmas
40%
Animal ornant le pull offert par Molly Wesley à
Harry Potter dans Le Prisonnier d'Azkaban
Lion
32%
Organisme végétal symbiotique
prépondérant dans l'alimentation du renne
Lichen
24%
Réalisateur du film Les Bronzés font du skiPatrice Leconte
18%

Distribution des résultats

Percentile par nombre de réponses

% des personnes avec chaque résultat

Votre développement - résultats

Vous n’avez pas pris ce quiz